书目信息 |
| 题名: |
新时代高校劳动教育论纲
|
|
| 作者: | 刘向兵 著 | |
| 分册: | ||
| 出版信息: | 北京 社会科学文献出版社 2019 |
|
| 页数: | 192页 | |
| 开本: | 24cm | |
| 丛书名: | ||
| 单 册: | ||
| 中图分类: | G40-015 | |
| 科图分类: | ||
| 主题词: | 高等学校--gao deng xue jiao--劳动教育--研究--中国 | |
| 电子资源: | ||
| ISBN: | 978-7-5201-4272-4 | |
| 000 | 01221nam0 2200253 450 | |
| 001 | 2159235351 | |
| 005 | 20210926145259.0 | |
| 010 | @a978-7-5201-4272-4@dCNY68.00 | |
| 100 | @a20190322d2019 em y0chiy50 ea | |
| 101 | 0 | @achi |
| 102 | @aCN@b110000 | |
| 105 | @ay a 000yy | |
| 106 | @ar | |
| 200 | 1 | @a新时代高校劳动教育论纲@Axin shi dai gao jiao lao dong jiao yu lun gang@dOutline of labor education in colleges and universities in the new era@f刘向兵著@zeng |
| 210 | @a北京@c社会科学文献出版社@d2019 | |
| 215 | @a192页@d24cm | |
| 320 | @a有书目 (第187-188页) | |
| 330 | @a本书分为七个部分,第一部分是对加强高校劳动教育重要意义的研究,第二部分是对马克思主义劳动观与劳动教育的历史回顾,第三部分是 习近平新时代中国特色社会主义思想对劳动教育的新发展,第四部分是新时代高校劳动教育的内涵与外延,第五部分是新时代高校加强劳动教育的原则,第六部分是 新时代高校劳动教育的实施体系,第七部分是新时代高校劳动教育的保障体系。 | |
| 510 | 1 | @aOutline of labor education in colleges and universities in the new era@zeng |
| 606 | 0 | @a高等学校@Agao deng xue jiao@x劳动教育@x研究@y中国 |
| 690 | @aG40-015@v5 | |
| 701 | 0 | @a刘向兵@Aliu xiang bing@4著 |
| 801 | 0 | @aCN@b百万庄@c20210925 |
| 905 | @b1298760-63@dG40-015@e1235@f4 | |
| 新时代高校劳动教育论纲=Outline of labor education in colleges and universities in the new era/刘向兵著.-北京:社会科学文献出版社,2019 |
| 192页;24cm |
| ISBN 978-7-5201-4272-4:CNY68.00 |
| 本书分为七个部分,第一部分是对加强高校劳动教育重要意义的研究,第二部分是对马克思主义劳动观与劳动教育的历史回顾,第三部分是 习近平新时代中国特色社会主义思想对劳动教育的新发展,第四部分是新时代高校劳动教育的内涵与外延,第五部分是新时代高校加强劳动教育的原则,第六部分是 新时代高校劳动教育的实施体系,第七部分是新时代高校劳动教育的保障体系。 |
| ● |
| 相关链接 |
|
|
|
|
正题名:新时代高校劳动教育论纲
索取号:G40-015/1235
 
预约/预借
| 序号 | 登录号 | 条形码 | 馆藏地/架位号 | 状态 | 备注 |
| 1 | 1298760 | 212987605 | 第一样本阅览室/ [索取号:G40-015/1235] | 在馆 | |
| 2 | 1298761 | 212987614 | 第四借阅区/ [索取号:G40-015/1235] | 在馆 | |
| 3 | 1298762 | 212987623 | 第四借阅区/ [索取号:G40-015/1235] | 在馆 | |
| 4 | 1298763 | 212987632 | 第四借阅区/ [索取号:G40-015/1235] | 在馆 |